000
00303nam a22001457a 4500
003
SGT
082
_a
370
_b
A14G
100
_a
GOEL, RAJEEV
245
_a
ARTHSHASTRA SHIKSHAN
250
_a
1ST
260
_a
NEW DELHI
_b
PRERNA PRAKASHAN
_c
2014
300
_a
120
650
_a
EDUCATION
942
_2
ddc
_c
BK
999
_c
11762
_d
11762